Living Planet Report 2012 (Record no. 114245)

MARC details
000 -LEADER
fixed length control field 01197cad a22002415a 4500
001 - CONTROL NUMBER
control field L156415
008 - FIXED-LENGTH DATA ELEMENTS--GENERAL INFORMATION
fixed length control field 120518s2012 xxk f 000 0 eng d
035 ## - SYSTEM CONTROL NUMBER
System control number (Sirsi) u156415
041 0# - LANGUAGE CODE
Language code of text/sound track or separate title eng
110 2# - MAIN ENTRY--CORPORATE NAME
Corporate name or jurisdiction name as entry element World Wide Fund for Nature
9 (RLIN) 3148
245 00 - TITLE STATEMENT
Title Living Planet Report 2012
Remainder of title biodiversity biocapacity and better choices
Medium [electronic resource]
260 ## - PUBLICATION, DISTRIBUTION, ETC.
Date of publication, distribution, etc. 2012
520 ## - SUMMARY, ETC.
Summary, etc. Key finding is that humanity's demands exceed our planet's capacity to provide for us with 50% more resources being used than the world can sustainably produce. Argues that careful use of these resources can help reduce consumption by reducing waste along with more effective cultivation techniques, better planting of seeds, smarter irrigation methods and better resource planning.
590 ## - LOCAL NOTE (RLIN)
Local note KA NTK
651 #4 - SUBJECT ADDED ENTRY--GEOGRAPHIC NAME
Geographic name International
690 ## - LOCAL SUBJECT ADDED ENTRY--TOPICAL TERM (OCLC, RLIN)
Topical term or geographic name as entry element Sustainability
9 (RLIN) 6271
690 ## - LOCAL SUBJECT ADDED ENTRY--TOPICAL TERM (OCLC, RLIN)
Topical term or geographic name as entry element Land use
9 (RLIN) 6251
690 ## - LOCAL SUBJECT ADDED ENTRY--TOPICAL TERM (OCLC, RLIN)
Topical term or geographic name as entry element Infrastructure
9 (RLIN) 6246
710 1# - ADDED ENTRY--CORPORATE NAME
Corporate name or jurisdiction name as entry element Zoological Society of London
710 1# - ADDED ENTRY--CORPORATE NAME
Corporate name or jurisdiction name as entry element Global Footprint Network
856 40 - ELECTRONIC LOCATION AND ACCESS
Uniform Resource Identifier <a href="https://awsassets.panda.org/downloads/1_lpr_2012_online_full_size_single_pages_final_120516.pdf">https://awsassets.panda.org/downloads/1_lpr_2012_online_full_size_single_pages_final_120516.pdf</a>
Public note View the report free of charge at http://awsassets.panda.org
942 ## - ADDED ENTRY ELEMENTS (KOHA)
Suppress in OPAC 0
Holdings
Withdrawn status Lost status Source of classification or shelving scheme Damaged status Not for loan Home library Current library Shelving location Date acquired Total Checkouts Full call number Barcode Date last seen Copy number Price effective from Koha item type
    Dewey Decimal Classification     Virtual Virtual Online 18/05/2012   L156415 156415-2001 06/08/2019 1 06/08/2019 Book